00509nam a2200157Ia 4500008004100000100001600041245008200057245003100139260002500170260000900195300002500204650001600229650001500245999001900260952007200279170224s9999 xx 000 0 und d aLin Mei Tan aAcademic Performance in Introductory Accounting: Do Learning Styles Matter?  cLin Mei Tan & Fawzi Laswad bAccounting Education c2015 a24:5, Pages: 383-402 xAccountancy xAccounting c316144d316144 001040aCLbCLd2017-02-24l0r2017-02-24 00:00:00w2017-02-24ySE